Persona Social Links & Confidants Arcana Quiz - Statistics

General Stats
  • This quiz has been taken 276 times
  • The average score is 23 of 26
Answer Stats
Arcana SL / Confidant % Correct
Fool SEES | Investigation Team | Igor
99%
Death Pharos | Hisano Kuroda | Tae Takemi
97%
Lovers Yukari Takeba | Rise Kujikawa | Ann Takamaki
97%
Emperor Hidetoshi Odagiri | Kanji Tatsumi | Yusuke Kitagawa
96%
Empress Mitsuru Kirijo | Margaret | Haru Okumura
95%
Magician Kenji Tomochika | Junpei Iori | Yosuke Hanamura | Morgana
95%
Moon Nozomi Suemitsu | Shinjiro Aragaki | Ai Ebihara | Yuuki Mishima
95%
Sun Akinari Kamiki | Yumi Ozawa | Ayane Matsunaga | Toranosuke Yoshida
94%
Chariot Kazushi Miyamoto | Rio Iwasaki | Chie Satonaka | Ryuji Sakamoto
93%
Justice Chihiro Fushimi | Ken Amada | Nanako Dojima | Goro Akechi
93%
Star Mamoru Hayase | Akihiko Sanada | Teddie | Hifumi Togo
93%
Devil President Tanaka | Sayoko Uehara | Ichiko Ohya
92%
Fortune Keisuke Hiraga | Ryoji Mochizuki | Naoto Shirogane | Chihaya Mifune
91%
Hermit Maya | Saori Hasegawa | Fox | Futaba Sakura
91%
Tower Mutatsu | Shu Nakajima | Shinya Oda
91%
Hierophant Bunkichi & Mitsuko Kitamura | Ryotaro Dojima | Sojiro Sakura
90%
Priestess Fuuka Yamagishi | Yukiko Amagi | Makoto Niijima
89%
Hanged Man Maiko Oohashi | Naoki Konishi | Munehisa Iwai
88%
Strength Yuko Nishiwaki | Koromaru | Kou Ichijo & Daisuke Nagase | Caroline & Justine
87%
Aeon Aigis | Marie
85%
Jester / Hunger Tohru Adachi
85%
Judgement Nyx Annihilation Team | Seekers of Truth | Sae Niijima
84%
Temperance Andre Laurent Jean Geraux | Eri Minami | Sadayo Kawakami
84%
Faith Kasumi Yoshizawa
82%
Councillor Takuto Maruki
77%
World none
77%
No matching quizzes found
Score Distribution
Percent of People with Each Score
Percentile by Number Answered
Your Score History
You have not taken this quiz